00519nam a22001697a 4500003000500000005001700005008004100022040000900063082001600072100004200088245004000130260004000170300000800210942001200218999001900230952010000249CEME20210628203415.0210118b xxu||||| |||| 00| 0 eng d cceme a297.122 ZEN aHazara Molana Muhammad Usamani965248 aYourpi tahzeeb tabahi ka dahana per aLAHOREbMAKTABA-E-DARUL-ULOOMc2001 aPDF cBK2ddc c573519d573519 00104070aCEMEbCEMEcREFd2017-07-27l0o297.122 ZENpCEME-44638r2021-06-28w2021-06-28yBK